| 000 | 00573nam a2200181 a 4500 | ||
|---|---|---|---|
| 001 | 000039877 | ||
| 005 | 20201002033802.0 | ||
| 008 | 130725s2010 sp ag r 000 0 spa d | ||
| 020 | _a9788482266954 | ||
| 040 |
_aDO-SdBNP _bspa _cBNPHU |
||
| 082 |
_axxxx _bB276 |
||
| 100 | 1 |
_aBarrios, Ángel _966089 |
|
| 245 | 1 | 0 |
_aAben-Humeya : _bmomentos musicales / _cÁngel Barrios ; edición Ismael Ramos. |
| 260 |
_aGranada, España : _bJunta de Andalucia, _c2010. |
||
| 300 |
_a72 p. : _bil., mus. ; _c34 cm. |
||
| 590 | _aInventariado, 2019/BT | ||
| 700 | 1 |
_aRamos, Ismael _eed. _966090 |
|
| 999 |
_c39367 _d39367 |
||